| 000 | 00535nam a2200193Ia 4500 | ||
|---|---|---|---|
| 001 | 23803 | ||
| 003 | GE_BSU | ||
| 008 | 181216s||||||||xx |||||||||||||| ||und|| | ||
| 040 | _cGE_BSU | ||
| 245 | _aХимия и жизнь-XX век. №9. 2018 | ||
| 245 | _cГл.ред.Стельникова Л.Н. | ||
| 260 | _aмосква | ||
| 260 | _c2018г | ||
| 300 | _a64с;28см; | ||
| 653 | _aПериодика | ||
| 653 | _aХимия и жизнь-XX век. №9. 2018 | ||
| 653 | _aპერიოდიკა | ||
| 942 | _cCR | ||
| 999 |
_c56681 _d56681 |
||